000 00707pam a2200241 i 4500
999 _c4471
_d4471
003 OSt
005 20220323115559.0
008 741116s1975 moua b 000 0 eng
020 _a0801653878
040 _cALUPE UNIVERSITY COLLEGE
050 0 0 _aRB127
_b.W44
060 _aWL700 W427p
100 1 _aWeisenberg, Matisyohu,
_d1936-
245 1 0 _aPain :
_bclinical and experimental perspectives /
_cedited by Matisyohu Weisenberg.
260 _aSaint Louis :
_bMosby,
_c1975.
300 _ax, 385 p. :
_bill. ;
_c26 cm.
504 _aBibliography: p. 361-385.
650 0 _aPain.
650 0 _aAnalgesics.
650 2 _aPain.
906 _a7
_bcbc
_corignew
_d1
_eocip
_f19
_gy-gencatlg
942 _2lcc
_cBK
_nPW